000 00664cam a22002413a 4500
001 14581
003 PGUSA
005 20140828083318.0
008 050103s2005||||xxu|||||s|||||000 1 eng d
040 _aPGUSA
_beng
042 _adc
050 4 _aPS
100 1 _aKester, Vaughan,
_d1869-1911
245 1 4 _aThe Just and the Unjust
_h[electronic resource] /
_cVaughan Kester
260 _bProject Gutenberg,
_c2005
506 _aPublic domain in the USA.
516 _aElectronic text
653 _aFiction
700 1 _aBracker, M. Leone,
_d1885-1937
830 0 _aProject Gutenberg
_v14581
856 4 0 _uhttp://www.gutenberg.org/ebooks/14581
942 _cEB
999 _c243836
_d243836